00678nam a2200157Ia 4500008004100000100002300041245008900064245012500153260005300278260001300331300000800344650001500352856006100367999001900428952007300447170221s9999 xx 000 0 und d aVictor V. Astakhov aInstrumental and Technological Directions to Ensure Economic Security of Enterprise  cVictor V. Astakhov, Kateryna V. Astakhova, Sergey S. Demin, Julia B. Sayadova, Svetlana N. Mishchuk, Natalia N. Tkacheva bInternational Review of Management and Marketing cMay 2014 a3:2 xMarketing. uhttp://www.econjournals.com/index.php/irmm/issue/view/70 c310213d310213 001040aCLbCLd2017-02-21l0r2017-02-21 00:00:00w2017-02-21yFOJ